01057nam a2200277 i 4500001000700000003000900007005001700016007000300033008004100036020001800077080001800095080001700113100005600130245014100186260003100327300002200358490003800380504004200418650003200460650003600492700004200528830004600570852002200616999001900638952012200657110687ES-MaACL20250407063110.0t|070119s1988 sp |||| | spa d a84-7046-459-0 a1(430)"17/18" a008(430)"18"1 aVillacañas Berlanga, José Luis, d1955-915204813aLa quiebra de la razón ilustrada b: idealismo y romanticismo /cJosé Luis Villacañas ; prólogo de Juan Manuel Navarro Cordón. aMadrid : bCincel, c1988. a236 p. ; c19 cm.1 aHistoria de la filosofía ; v40 aBibliografía: p. 233-236. Índice.14aIdealismo alemán.9167937 4aRomanticismo-zAlemania.9169441 aNavarro Cordón, Juan Manuel.9851110 aHistoria de la filosofía ; v409181726 aES-MaACLjL-15607 c110687d110687 00104070aATENEOMbATENEOMcDEPO2d2008-01-17eSCl0oL-15607p1115483r2023-02-23 00:00:00w2023-02-23yMONOGRAFIA